000 00884nam a2200253 a 4500
001 000013511
005 20240412074239.0
008 091125s2003 xxu 000 0 spa d
020 _z1887691251
040 _aDO-SdBNP
_bspa
_cBNPHU
041 1 7 _aspa
_heng
082 _axxxx
_bC659d
100 1 _aCocco de Filippis, Daisy,
_d1949-
_92539
245 1 0 _aDesde la diáspora = a diaspora position. :
_bselección bilingüe de ensayos /
_cDaisy Cocco de Filipps.
260 _aNew York :
_bAlcance,
_c2003.
300 _a296 p. ;
_c23 cm.
500 _aIncluye datos biográficos del autor en la solapa de la cubierta
504 _aIncluye referencias bibliográficas y notas al pie de las páginas
504 _aIncluye bibliografías
650 4 _aBibliografía dominicana
_930479
650 0 _aLiteratura dominicana.
_967
650 4 _aEnsayo dominicano
_929447
049 _aBNPD
999 _c13135
_d13135